The tools to fashion a brave new system (Record no. 78221)

MARC details
000 -LEADER
fixed length control field 01032cab a2200229 4500
001 - CONTROL NUMBER
control field L136272
008 - FIXED-LENGTH DATA ELEMENTS--GENERAL INFORMATION
fixed length control field 070122n2007 000 0 eng u
035 ## - SYSTEM CONTROL NUMBER
System control number (Sirsi) u136272
041 0# - LANGUAGE CODE
Language code of text/sound track or separate title eng
100 1# - MAIN ENTRY--PERSONAL NAME
Personal name Edge, Jeremy
245 04 - TITLE STATEMENT
Title The tools to fashion a brave new system
260 ## - PUBLICATION, DISTRIBUTION, ETC.
Date of publication, distribution, etc. 2007
490 #0 - SERIES STATEMENT
Series statement Estates Gazette
Volume/sequential designation (0703) 20 January 2007, 116-119(4)
520 ## - SUMMARY, ETC.
Summary, etc. Looks at Kate Barker's final report on the land use system in England and asks whether its 30 recommendations will deliver what they promise. Covers the cost of planning to business, the delivery of major infrastructure, and the use of land throughout England. Sounds a note of caution on the need for proper skills and training for those who have to implement the system.
590 ## - LOCAL NOTE (RLIN)
Local note KA
650 24 - SUBJECT ADDED ENTRY--TOPICAL TERM
Topical term or geographic name entry element BARKER REVIEW OF LAND USE PLANNING
650 24 - SUBJECT ADDED ENTRY--TOPICAL TERM
Topical term or geographic name entry element PLANNING GAIN SUPPLEMENT
651 #4 - SUBJECT ADDED ENTRY--GEOGRAPHIC NAME
Geographic name England
Chronological subdivision 886-
690 ## - LOCAL SUBJECT ADDED ENTRY--TOPICAL TERM (OCLC, RLIN)
Topical term or geographic name as entry element ENVIRONMENTAL AND LAND CONSULTANCY-PLANNING AND DEVELOPMENT-STRATEGIC PLANNING
700 1# - ADDED ENTRY--PERSONAL NAME
Personal name Oosthuizen, Riette
942 ## - ADDED ENTRY ELEMENTS (KOHA)
Suppress in OPAC 0
Holdings
Withdrawn status Lost status Source of classification or shelving scheme Damaged status Not for loan Home library Current library Shelving location Date acquired Total Checkouts Full call number Barcode Date last seen Copy number Price effective from Koha item type
    Dewey Decimal Classification     London London Journal article 22/01/2007   L136272 136272-1001 06/08/2019 1 06/08/2019 Journal article